| 000 | 00744cam a22002411 4500 | ||
|---|---|---|---|
| 999 |
_c7641 _d7641 |
||
| 001 | 8350 | ||
| 003 | BD-DhUAP | ||
| 005 | 20210127150813.0 | ||
| 008 | 200203r19371930enk 001 0 eng d | ||
| 040 |
_aDLC _cBD-DhUAP _dBD-DhUAP _bEng |
||
| 082 |
_223 _a340.54 LEA |
||
| 100 | 1 | _aLeage, R. W. | |
| 245 | 1 | 0 |
_aRoman private law : _bfounded on the 'Institutes' of Gaius and Justinian / _cR. W. Leage. |
| 250 | _a2nd ed. | ||
| 260 |
_aLondon, _bMacmillan and co., _cc1930 [Reprinted 1937]. |
||
| 300 |
_axiv, 458 pages _c21 cm. |
||
| 500 | _aIncludes index. | ||
| 600 | 0 | 0 |
_aGaius. _tInstitutiones. |
| 650 | 0 |
_aRoman law _vSources. |
|
| 650 | 0 |
_aInstitutiones _vGaius. |
|
| 650 | 0 |
_aJustinian I _vEmperor of the East _y 483?-565. |
|
| 942 |
_2ddc _cBK |
||